Special report insurance (Record no. 83108)

MARC details
000 -LEADER
fixed length control field 00936cab a22002295a 4500
001 - CONTROL NUMBER
control field L152827
008 - FIXED-LENGTH DATA ELEMENTS--GENERAL INFORMATION
fixed length control field 110504e20110428xxk 000 0 eng d
035 ## - SYSTEM CONTROL NUMBER
System control number (Sirsi) u152827
041 0# - LANGUAGE CODE
Language code of text/sound track or separate title eng
100 1# - MAIN ENTRY--PERSONAL NAME
Personal name Stothart, Chloe
245 00 - TITLE STATEMENT
Title Special report insurance
Remainder of title honesty is the only policy
260 ## - PUBLICATION, DISTRIBUTION, ETC.
Date of publication, distribution, etc. 2011
490 ## - SERIES STATEMENT
Series statement Construction News
Volume/sequential designation (7215) 28 April 2011, 29-33(5)
520 ## - SUMMARY, ETC.
Summary, etc. Discusses the findings of the recent report "Corporate risk and insurance: the case for placement reform" and hidden risks, legal analysis of a rights of light case study, good practice regarding subcontractors, risk mitigation, a glossary of insurance terminology, raised awareness of timber frame risks, and cutting insurance costs.
590 ## - LOCAL NOTE (RLIN)
Local note KA
651 #4 - SUBJECT ADDED ENTRY--GEOGRAPHIC NAME
Geographic name United Kingdom
Chronological subdivision
690 ## - LOCAL SUBJECT ADDED ENTRY--TOPICAL TERM (OCLC, RLIN)
Topical term or geographic name as entry element BUILT ENVIRONMENT-CONSTRUCTION MANAGEMENT
700 1# - ADDED ENTRY--PERSONAL NAME
Personal name Mackie, Dave
700 1# - ADDED ENTRY--PERSONAL NAME
Personal name Osborne, John
700 1# - ADDED ENTRY--PERSONAL NAME
Personal name Boley, James
942 ## - ADDED ENTRY ELEMENTS (KOHA)
Suppress in OPAC 0
Holdings
Withdrawn status Lost status Source of classification or shelving scheme Damaged status Not for loan Home library Current library Shelving location Date acquired Total Checkouts Full call number Barcode Date last seen Copy number Price effective from Koha item type
    Dewey Decimal Classification     London London Journal article 04/05/2011   L152827 152827-1001 06/08/2019 1 06/08/2019 Journal article